000 00871nam a2200229Ia 4500
003 OSt
005 20220925204053.0
006 a|||||r|||| 00| 0
007 ta
008 220923b |||||||| |||| 00| 0 eng d
037 _cGeneral Book
040 _aRTL
_cRTL
_beng
041 _2eng
_aeng
082 _aV1N45,93:3(L:6).P0r, P/UN
110 _aUNITED NATIONS, COORDINATION SUB-COMMITTEE ON NUTRITION (ACC/SCN) (Administrative Committee on-)
_9267674
245 0 _a4th Report on the world nutrition situation january 2000
_b Nutrition throughout the life cycle.
260 _aGeneva
_bACC/SCN
_c2000
300 _axv, 121p.
_ccm.
700 _aUNITED NATIONS, COORDINATION SUB-COMMITTEE ON NUTRITION (ACC/SCN) (Administrative Committee on-)
_9267675
942 _hV1N45,93:3(L:6).P0r, P/UN
_cGB
_2CC
999 _c548454
_d548454